| 000 | 01041nam a2200253Ia 4500 | ||
|---|---|---|---|
| 003 | OSt | ||
| 005 | 20220923222036.0 | ||
| 006 | a|||||r|||| 00| 0 | ||
| 007 | ta | ||
| 008 | tel | ||
| 024 | _a202,599 | ||
| 037 | _cTextual | ||
| 040 |
_aARTS _cARTS _btel |
||
| 041 |
_2tel _atel |
||
| 082 | _aO35,3M48w,1, 152L6 | ||
| 100 |
_aवीरेशलिंगम, कंदुकूरि; रेड्डी, बालशौरि, अनु. _9165758 |
||
| 245 | 0 | _aसंक्षिप्त आत्मकथा, अनु बालशौरि रेड्डी | |
| 246 | _aSankṣpunta ātmakathā, anu bālashauri reḍḍī | ||
| 260 |
_aनई दिल्ली _b नेशनल बुक ट्र्रस्ट _c1976 |
||
| 300 |
_a176पø _ccm. |
||
| 650 |
_aतेलुगु साहित्य _9156264 |
||
| 942 |
_hO35,3M48w,1, 152L6 _cTEXL _2CC |
||
| 999 |
_c353502 _d353502 |
||